<?xml version="1.0" encoding="UTF-8"?><?xml-stylesheet type="text/xsl" href="static/style.xsl"?><OAI-PMH xmlns="http://www.openarchives.org/OAI/2.0/" xmlns:xsi="http://www.w3.org/2001/XMLSchema-instance" xsi:schemaLocation="http://www.openarchives.org/OAI/2.0/ http://www.openarchives.org/OAI/2.0/OAI-PMH.xsd"><responseDate>2026-06-01T07:58:57Z</responseDate><request verb="GetRecord" identifier="oai:riuma.uma.es:10630/9564" metadataPrefix="marc">https://riuma.uma.es/rest/oai/request</request><GetRecord><record><header><identifier>oai:riuma.uma.es:10630/9564</identifier><datestamp>2026-02-03T12:52:24Z</datestamp><setSpec>com_10630_5701</setSpec><setSpec>com_10630_3139</setSpec><setSpec>com_10630_10</setSpec><setSpec>col_10630_6950</setSpec></header><metadata><record xmlns="http://www.loc.gov/MARC21/slim" xmlns:dcterms="http://purl.org/dc/terms/" xmlns:doc="http://www.lyncode.com/xoai" xmlns:xsi="http://www.w3.org/2001/XMLSchema-instance" xsi:schemaLocation="http://www.loc.gov/MARC21/slim http://www.loc.gov/standards/marcxml/schema/MARC21slim.xsd">
   <leader>00925njm 22002777a 4500</leader>
   <datafield ind2=" " ind1=" " tag="042">
      <subfield code="a">dc</subfield>
   </datafield>
   <datafield ind2=" " ind1=" " tag="720">
      <subfield code="a">Ruiz-Garrido, María Belén</subfield>
      <subfield code="e">author</subfield>
   </datafield>
   <datafield ind2=" " ind1=" " tag="260">
      <subfield code="c">2003</subfield>
   </datafield>
   <datafield ind2=" " ind1=" " tag="520">
      <subfield code="a">La crisis de la pintura religiosa a partir del siglo XIX asistirá a finales de siglo a un cambio de rumbo a través de la renovación inscrita en el marco de las poéticas finiseculares. pero ahora la denominación explícita y estricta se hará extensiva al ámbito más amplio de lo "espiritual", basado en una sincera relación directa e individual del ser humano con la divinidad, que, en ocasiones, se materializa en comunidades artísticas. Las vertientes místicas, anímicas, salvíficas, e incluso estéticas, recobran en el fin de siglo un impulso que dota a la temática religiosa de nuevos rostros. En este contexto, la contemporaneización de San Francisco de Asís, iconografía religiosa predilecta en el complejo espíritu finisecular, tiene que ver con la potencialidad de asimilación de su figura con las preocupaciones del hombre moderno. La plástica malagueña cuenta con interesantes ejemplos que responden a estas premisas.</subfield>
   </datafield>
   <datafield ind1="8" ind2=" " tag="024">
      <subfield code="a">Baetica 25, 2003, p. 35-66.</subfield>
   </datafield>
   <datafield ind1="8" ind2=" " tag="024">
      <subfield code="a">0212-5099</subfield>
   </datafield>
   <datafield ind1="8" ind2=" " tag="024">
      <subfield code="a">http://hdl.handle.net/10630/9564</subfield>
   </datafield>
   <datafield tag="653" ind2=" " ind1=" ">
      <subfield code="a">Iconografía religiosa</subfield>
   </datafield>
   <datafield ind2="0" ind1="0" tag="245">
      <subfield code="a">Religión y espiritualidad en el "fin de siglo": iconografías franciscanas en la pintura malagueña contemporánea</subfield>
   </datafield>
</record>
</metadata></record></GetRecord></OAI-PMH>